01988nam a2200337 450000100060000000300080000600500170001400800390003103500190007004000320008904100080012108200210012910000250015024501140017526001120028930000240040149000290042550400410045465000300049565100410052571000530056694200120061999900170063195201480064895201460079695201460094295201460108895201460123495201350138095201350151526578BD-RjUL20211209051033.0140323s1967 enk b 000 0 eng a(BD-RjUL)26648 aDLCcDLCdDLCdBD-RjULbeng aeng00a954.04bTIE 19671 aTinker, Hugh.97968810aExperiment with freedom :bIndia and Pakistan, 1947 /cHugh Tinker; Royal Institute of International Affairs. aLondon :bissued under the auspices of the Royal Institute of International Affairs by Oxford U.P.,cc1967. ax, 165 p. ;c18 cm.0 aChatham House essays, 16 aIncludes bibliographical references. 0aPakistan movement.981733 0aIndiaxHistoryy20th century.9430202 aRoyal Institute of International Affairs.981734 2ddccBK c26578d26578 00102ddc40728NFICaRUCLbRUCLcReadingd1967-11-08eSweet + Zeitlingerg15.00l0o954.04 TIE 1967r2014-03-23 00:00:00tC-1w2014-03-23yBK 00102ddc40708NFICaRUCLbRUCLcStackd1967-11-08eSweet + Zeitlingerg15.00l0o954.04 TIE 1967r2014-03-23 00:00:00tC-2w2014-03-23yBK 00102ddc40708NFICaRUCLbRUCLcStackd1967-11-08eSweet + Zeitlingerg15.00l0o954.04 TIE 1967r2014-03-23 00:00:00tC-3w2014-03-23yBK 00102ddc40708NFICaRUCLbRUCLcStackd1967-11-08eSweet + Zeitlingerg15.00l0o954.04 TIE 1967r2014-03-23 00:00:00tC-4w2014-03-23yBK 00102ddc40708NFICaRUCLbRUCLcStackd1967-11-08eSweet + Zeitlingerg15.00l0o954.04 TIE 1967r2014-03-23 00:00:00tC-5w2014-03-23yBK 00102ddc40708NFICaRUCLbRUCLcStackd1973-02-02eO. U. Pg16.50l0o954.04 TIE 1967r2014-03-23 00:00:00tC-6w2014-03-23yBK 00102ddc40708NFICaRUCLbRUCLcStackd1973-02-02eO. U. Pg16.50l0o954.04 TIE 1967r2014-03-23 00:00:00tC-7w2014-03-23yBK